000 00862nam a2200277Ia 4500
003 GCL
005 20240530110124.0
008 140319s9999 xx 000 0 ara d
040 _aGCL /
_cGCL
082 0 4 _a962.064/
_bق/ن ن
_221
100 1 _aناتنج, انتونى
245 1 0 _aناصر /
_cانتونى ناتنج
260 _a[S.N] :
_bمكتبة مدبولى ،
_c1993
300 _a536 ص ؛
_c24 سم
650 0 4 _aالعصر الحديث
650 0 4 _aمصر
650 0 4 _aتاريخ
650 0 4 _aالاحوال السياسية
650 0 4 _aثورة 23 يوليو 1952
650 0 4 _aقناة السويس
650 0 4 _aالاعتداء الثلاثى على مصر 1956
650 0 4 _aحرب يونيو 1967 - مصر
650 0 4 _aجمال عبدالناصر
700 1 _aشاكر ابراهيم سعيد
942 _2ddc
_cBK
999 _c58739
_d58739